zpět

Detail výsledku týmu

U Pošty - Vinohrady ČT, Praha

Datum a čas kvízu

34 Celkem bodů Celkový počet nahraných bodů na tomto kvízu bez doplňovacích otázek.
9. Pořadí na kvízu Konečné umístění týmu na tomto kvízu.

Zaznamenané odpovědi

# Otázka Odpověď Body Výsledky
1. V pátek byl prezidentem republ... Josef Baxa 1
2. Na Ukrajině v pondělí započala... (Matka) Ukrajina 1
3. Minulý týden proběhla akce naz... C) kojení 0
4. Minulý týden jsme mohli na noč... červený 0
5. Jak se nazývá fotbalový tým, k... FC Kodaň 1
6. Pro vraždu Julia Caesara si Br... D 1
7. Charakter příběhů povídkového... C 1
8. Třetí pražský arcibiskup byl p... D 0
9. V roce 1818 byl poprvé vydán r... Frankenstein 0
10. Doktor Edward Jenner přišel ko... očkování 1